Καλό αίμα, κακό αίμα : νουβέλα και διηγήματα

Saved in:
Bibliographic Details
Main Author: Σταθοπούλου, Ελεωνόρα
Format: Book
Language:Greek
Published: Αθήνα : Βιβλιοπωλείον της "Εστίας" - Ι. Δ. Κολλάρου, 2010.
Series:Σύγχρονη ελληνική πεζογραφία (Εστία) 169
Subjects:
Tags: Add Tag
No Tags, Be the first to tag this record!

MARC

LEADER 00000nam a2200000 a 4500
001 1/126748
008 230531s2010####gr | ||| |||| ||gre||
020 |a 9789600514827 
040 |a GR-MyUa  |b gre  |c GR-MyUa  |e AACR2 
041 0 |a gre 
082 7 |a 889.3   |2 (23) 
100 1 |a Σταθοπούλου, Ελεωνόρα. 
245 1 0 |a Καλό αίμα, κακό αίμα :   |b νουβέλα και διηγήματα /   |c Ελεωνόρα Σταθοπούλου. 
260 |a Αθήνα :   |b Βιβλιοπωλείον της "Εστίας" - Ι. Δ. Κολλάρου,   |c 2010. 
300 |a 265 σ. ;   |c 21 εκ. 
490 1 |a (Σύγχρονη ελληνική πεζογραφία ;   |v 169) 
650 0 |a Greek fiction. 
830 0 |a Σύγχρονη ελληνική πεζογραφία (Εστία)  |v 169 
970 |a Κοντού  |b Παρασκευή  |z 31/05/2023